000 01186nam a22002417a 4500
005 20120112143825.0
008 120112t xxu||||| |||| 00| 0 mar d
010 _aMAR-21984
020 _a9788174345466
_c300.00
035 _aMR-14642
037 _bDBAD/PUB
040 _aDPL
_bMR
082 _a523.1
100 _aगोपाल राज
_939079
245 _aबखर 'इस्त्रो'च्या अग्निबाणांची /
_cगोपाल राज ; अभय सदावर्ते द्वारा अनुवादित
246 _aBakhar Istochya Agnibananchee : Vasa:Adivasi-Sevecha
_bby Gopal Raj
260 _aपुणे
_bराजहंस प्रकाशन
_c2012
270 _a1025,सदाशिव पेठ,
_bपुणे
_e411030
300 _aतेरा,333पृ.
_c22सेमी(अजिल्द)
_bसचित्र
700 _aसदावर्ते,अभय
_945007
942 _2ddc
_cMR
_mगोपाल
_h523.1
999 _c64980
_d64980